Sherlock Holmes short stories / (Record no. 7893)
[ view plain ]
| 000 -LEADER | |
|---|---|
| fixed length control field | 01283nam a22003017a 4500 |
| 001 - CONTROL NUMBER | |
| control field | 7893 |
| 003 - CONTROL NUMBER IDENTIFIER | |
| control field | FISKH |
| 005 - DATE AND TIME OF LATEST TRANSACTION | |
| control field | 20250813100613.0 |
| 008 - FIXED-LENGTH DATA ELEMENTS--GENERAL INFORMATION | |
| fixed length control field | 250813b cb ||||| |||| 00| 0 eng d |
| 020 ## - INTERNATIONAL STANDARD BOOK NUMBER | |
| International Standard Book Number | 9780194790710 |
| 040 ## - CATALOGING SOURCE | |
| Original cataloging agency | FISKH |
| Language of cataloging | eng |
| Transcribing agency | FISKH |
| Modifying agency | FISKH |
| 050 ## - LIBRARY OF CONGRESS CALL NUMBER | |
| Classification number | PE1126.A4 S54 |
| 082 ## - DEWEY DECIMAL CLASSIFICATION NUMBER | |
| Classification number | 428.6 |
| 100 ## - MAIN ENTRY--PERSONAL NAME | |
| Personal name | West, Clare |
| 245 ## - TITLE STATEMENT | |
| Title | Sherlock Holmes short stories / |
| Statement of responsibility, etc. | Sir Arthur Conan Doyle ; Retold by Clare West |
| 250 ## - EDITION STATEMENT | |
| Edition statement | This edition first published in 1989 |
| 260 ## - PUBLICATION, DISTRIBUTION, ETC. | |
| Place of publication, distribution, etc. | New York : |
| Name of publisher, distributor, etc. | Oxford, |
| Date of publication, distribution, etc. | 1989 |
| 300 ## - PHYSICAL DESCRIPTION | |
| Extent | 56 pages : |
| Other physical details | illustrations ; |
| Dimensions | 20 cm |
| 505 ## - FORMATTED CONTENTS NOTE | |
| Formatted contents note | N<br/> |
| 520 ## - SUMMARY, ETC. | |
| Summary, etc. | Sherlock Holmes is the greatest detective of them all. He sits in his room, and smokes his pipe. He listens, and watches, and thinks. He listens to the steps coming up the stairs; he watches the door opening - and he knows what question the stranger will ask. In these three of his best stories, Holmes has three visitors to the famous flat in Baker Street - visitors who bring their troubles to the only man in the world who can help them.<br/> |
| 521 8# - TARGET AUDIENCE NOTE | |
| Target audience note | 550<br/> |
| Source | Lexile<br/> |
| 521 8# - TARGET AUDIENCE NOTE | |
| Target audience note | N<br/> |
| Source | Raz-Plus<br/> |
| 650 ## - SUBJECT ADDED ENTRY--TOPICAL TERM | |
| Source of heading or term | Readers L2 |
| Topical term or geographic name entry element | Oxford Bookworms |
| 650 ## - SUBJECT ADDED ENTRY--TOPICAL TERM | |
| Source of heading or term | Elementary-High |
| Topical term or geographic name entry element | JAN CAREW |
| 700 ## - ADDED ENTRY--PERSONAL NAME | |
| Personal name | Marks, Alan |
| Dates associated with a name | illustrator |
| 942 ## - ADDED ENTRY ELEMENTS (KOHA) | |
| Source of classification or shelving scheme | Dewey Decimal Classification |
| Koha item type | Books |
| Suppress in OPAC | No |
| Withdrawn status | Lost status | Source of classification or shelving scheme | Damaged status | Not for loan | Collection | Home library | Current library | Shelving location | Date acquired | Total Checkouts | Full call number | Barcode | Date last seen | Copy number | Price effective from | Koha item type |
|---|---|---|---|---|---|---|---|---|---|---|---|---|---|---|---|---|
| Dewey Decimal Classification | Juvenile Fiction | Footprints International School Library Network Toul Tom Poung Campus | Footprints International School Library Network Toul Tom Poung Campus | TTP Primary Yellow Bookshelves | 08/13/2025 | WES 428.6 PE1126.A4 S54 | FIS00304 | 08/13/2025 | 1 | 08/13/2025 | Books |
